Loading...
| History - European History | 0 | 5 | 0 | 0 | 50 | 69 | 92.80 | 3 | 5 |
| Social Science | 0 | 5 | 0 | 0 | 50 | 80 | 107.00 | 3 | 5 |
| Fine Arts - Other Fine Arts | 0 | 4 | 0 | 1 | 40 | 102 | 117.00 | 0 | 4 |
| Religion | 0 | 4 | 1 | 1 | 35 | 83 | 105.00 | 1 | 4 |
| History - Other History | 1 | 3 | 2 | 0 | 35 | 64 | 75.00 | 2 | 4 |
| Literature - European Literature | 0 | 3 | 0 | 0 | 30 | 91 | 103.67 | 0 | 3 |
| Current Events | 0 | 2 | 0 | 0 | 20 | 88 | 104.00 | 1 | 2 |
| Philosophy | 0 | 2 | 0 | 0 | 20 | 82 | 84.50 | 1 | 2 |
| History - American History | 1 | 1 | 2 | 0 | 15 | 58 | 86.50 | 0 | 2 |
| Mythology | 0 | 1 | 0 | 0 | 10 | 136 | 136.00 | 0 | 1 |
| Other Academic | 0 | 1 | 0 | 0 | 10 | 91 | 91.00 | 1 | 1 |
| History - World History | 0 | 1 | 0 | 0 | 10 | 101 | 101.00 | 1 | 1 |
| Literature - British Literature | 0 | 1 | 0 | 0 | 10 | 97 | 97.00 | 0 | 1 |
| Science - Chemistry | 0 | 1 | 0 | 0 | 10 | 110 | 110.00 | 1 | 1 |
| Fine Arts - Visual Fine Arts | 0 | 1 | 1 | 0 | 5 | 125 | 125.00 | 0 | 1 |
| Science - Physics | 0 | 1 | 1 | 1 | 5 | 127 | 127.00 | 1 | 1 |
| Literature - American Literature | 0 | 0 | 1 | 0 | -5 | 0.00 | 0 | 0 | |
| Geography | 0 | 0 | 1 | 0 | -5 | 0.00 | 0 | 0 | |
| Science - Other Science | 0 | 0 | 1 | 0 | -5 | 0.00 | 0 | 0 | |
| Literature - World Literature | 0 | 0 | 1 | 0 | -5 | 0.00 | 0 | 0 |